000
00311nam a2200109Ia 4500
008
180205s9999 xx 000 0 und d
020
_a
9710843435
100
_a
Fernando, Jovita N.
245
_a
College english for today :
_b
book 2
260
_a
Kalookan City
_b
National book store
_c
1988
300
_a
v, 389 pages
999
_c
354697
_d
354697